XXXIV Сибирский теплофизический семинар, посвященный 85-летию академика А. К. Реброва, 27-30 августа 2018 г., Новосибирск, Россия (Запись № 12137693)

Подробности
000 -МАРКЕР
контрольное поле 02010nam0a2200361 4500
001 - ИДЕНТИФИКАТОР ЗАПИСИ
контрольное поле RU\NLR\BIBL_A\011858108
005 - ИДЕНТИФИКАТОР ВЕРСИИ
контрольное поле 20190206105802.0
010 ## - МЕЖДУНАРОДНЫЙ СТАНДАРТНЫЙ НОМЕР КНИГИ (ISBN)
Номер (ISBN) 978-5-89017-056-9
Тираж 220
021 ## - НОМЕР ГОСУДАРСТВЕННОЙ РЕГИСТРАЦИИ
Код страны Российская Федерация
Номер КН-П-18-077326
Номер Листа государственной регистраци КН-П-18-5592
035 ## - ДРУГИЕ СИСТЕМНЫЕ НОМЕРА
Идентификатор записи (NLR Aleph) 011858108
035 ## - ДРУГИЕ СИСТЕМНЫЕ НОМЕРА
Идентификатор записи (RuMoRGB)009774130
100 ## - ДАННЫЕ ОБЩЕЙ ОБРАБОТКИ
Данные общей обработки 20181108d2018 u y0rusy50 ca
101 0# - ЯЗЫК РЕСУРСА
Язык текста, звукозаписи и т.д. русский
102 ## - СТРАНА ПУБЛИКАЦИИ ИЛИ ПРОИЗВОДСТВА
Страна публикации Российская Федерация
105 ## - ПОЛЕ КОДИРОВАННЫХ ДАННЫХ: ТЕКСТОВЫЕ МАТЕРИАЛЫ, МОНОГРАФИЧЕСКИЕ
Кодированные данные о монографическом текстовом документе y z |01zy
200 1# - ЗАГЛАВИЕ И СВЕДЕНИЯ ОБ ОТВЕТСТВЕННОСТИ
Основное заглавие XXXIV Сибирский теплофизический семинар, посвященный 85-летию академика А. К. Реброва, 27-30 августа 2018 г., Новосибирск, Россия
Сведения, относящиеся к заглавию всероссийская конференция с элементами научной школы для молодых ученых
-- тезисы докладов
Первые сведения об ответственности Институт теплофизики им. С. С. Кутателадзе СО РАН
210 ## - ПУБЛИКАЦИЯ, РАСПРОСТРАНЕНИЕ И ДР.
Место издания, распространения и т.д. Новосибирск
Имя издателя, распространителя и т. д. Институт теплофизики СО РАН
Дата издания, распространения и т.д. 2018
215 ## - ФИЗИЧЕСКАЯ ХАРАКТЕРИСТИКА
Специфическое обозначение материала и объем 255 с.
Другие сведения о физической характеристике ил., табл.
Размеры 29
313 ## - ПРИМЕЧАНИЯ, ОТНОСЯЩИЕСЯ К ТЕМАТИЧЕСКОМУ ДОСТУПУ
Текст примечания 33 семинар 2017 г.
320 ## - ПРИМЕЧАНИЯ О НАЛИЧИИ В ДОКУМЕНТЕ БИБЛИОГРАФИИ / УКАЗАТЕЛЯ
Текст примечания Библиогр. в конце ст.
320 ## - ПРИМЕЧАНИЯ О НАЛИЧИИ В ДОКУМЕНТЕ БИБЛИОГРАФИИ / УКАЗАТЕЛЯ
Текст примечания Указ. авт.: с. 253-255
517 1# - ДРУГИЕ ВАРИАНТЫ ЗАГЛАВИЯ
Вариант заглавия Тридцать четвертый Сибирский теплофизический семинар, посвященный 85-летию академика А. К. Реброва, 27-30 августа 2018 г., Новосибирск, Россия
606 1# - НАИМЕНОВАНИЕ ТЕМЫ КАК ПРЕДМЕТ
Наименование темы Теплофизика
Формальный подзаголовок Тезисы докладов
Системный номер авторитетной/нормативной записи 1363268
Идентификатор авторитетной/нормативной записи RU\NLR\AUTH\66256213
686 1# - ИНДЕКСЫ ДРУГИХ КЛАССИФИКАЦИЙ
Индекс З31я434
702 #1 - ИМЯ ЛИЦА - ВТОРИЧНАЯ ОТВЕТСТВЕННОСТЬ
Начальный элемент ввода Ребров
Часть имени, кроме начального элемента ввода А. К.
Даты 1933-
Расширение инициалов личного имени Алексей Кузьмич
Код отношения Прочие
710 12 - НАИМЕНОВАНИЕ ОРГАНИЗАЦИИ - ПЕРВИЧНАЯ ОТВЕТСТВЕННОСТЬ
Начальный элемент ввода Сибирский теплофизический семинар
Порядковый номер временной организации и / или порядковый номер ее части 34
Место проведения временной организации Новосибирск
Дата проведения временной организации 2018
Системный номер авторитетной/нормативной записи 634717
Идентификатор авторитетной/нормативной записи RU\NLR\AUTH\880487168
942 ## - ДОПОЛНИТЕЛЬНЫЕ ЭЛЕМЕНТЫ ЗАПИСИ (АБИС)
Тип экземпляра АБИС Книга
980 ## - КОЛЛЕКЦИЯ
Название коллекции НБР
980 ## - КОЛЛЕКЦИЯ
Название коллекции Национальная библиография

Нет доступных экземпляров.